Представление документа в формате MARC21

Поле Инд. ПП Название Значение
Тип записи a
Библиографический уровень m
001 Контрольный номер UNIDUBNAd4f933376ae74fd59d1141ccbd9cc1cc
005 Дата корректировки 20260413103605.5
008 Кодируемые данные 20120409
020 a ISBN 978-5-89847-661-8
040 b Код языка каталог. rus
e Правила каталог. PSBO
041 0_ a Код языка текста rus
084 a Индекс другой классификации/Индекс ББК 22.35в672я431
245 10 a Заглавие Задачи и методы нейтронных исследований конденсированных сред
c Ответственность Министерство образования Московской области; Государственный университет "Дубна". Инженерно-физический институт; по общей редакцией В. И. Боднарчука; в авторской peдакции
b Продолж. заглавия Всероссийская научно-практическая конференция молодых ученых (Дубна, 2–3 декабря 2021 г.): сборник тезисов докладов
260 a Место издания Дубна
b Издательство Государственный университет "Дубна"
c Дата издания 2022
300 a Объем 69[3] с.
b Иллюстрации/ тип воспроизводства ил.
336 a Термин вида содержания Текст
337 a Термин типа средства электронный
521 0_ a Примеч. о целев. назн. студенты
550 a Факультет/Кафедра/Подразделение Инженерно-физический институт
650 04 a Основная рубрика физика
a Основная рубрика физика конденсированного состояния
653 0_ a Ключевые слова конденсированные среды
a Ключевые слова методы нейтронных исследований
a Ключевые слова нейтронная физика
a Ключевые слова нейтронные исследования
655 a Жанр/ форма (устаревшее) учебное пособие
700 1_ a Автор Боднарчук В. И.
e Роль лиц редактор
720 a Наименование подборки СЭБ3
e Признак/вид подборки Тематические подборки
856 40 a Имя сервера/домена Библиотечная система Университета "Дубна"
d Путь http://lib.uni-dubna.ru/MegaPRO/Web
i Указания/сценарий входа Доступ по номеру читательского билета и фамилии читателя
u URL https://lib.uni-dubna.ru/MegaPRO/UserEntry?Action=FindDocs&ids=181578&idb=ec_110
y Справочный текст Электронная версия
856 40 a Имя сервера/домена ЭБС "Лань"
d Путь http://e.lanbook.com/
i Указания/сценарий входа Доступ по логину и паролю
v Время доступа к ресурсу 10.04.2027
y Справочный текст Электронная версия
u URL https://e.lanbook.com/book/369419
900 a Имя электронного ресурса obl_ZiMNIKS
x Справочная информация Обложка
900 a Имя электронного ресурса ZiMNIKS
x Справочная информация Полный текст
901 t Тип документа 0
952 a Тип литературы для КСУ ВШ НАУ